|
|
|
|
| LEADER |
00874nam a2200265 4500 |
| 001 |
DLU120138270 |
| 005 |
##20120725 |
| 040 |
# |
# |
|a DLU
|b vie
|
| 041 |
# |
# |
|a vie
|
| 044 |
# |
# |
|a vn
|
| 100 |
# |
# |
|a Hoàng Thị Minh Sơn,
|c PGS.TS.
|
| 245 |
# |
# |
|a Một số bất cập trong quy đinh của bộ luật tố tụng hình sự về thời hạn điều tra và tạm giam để điều tra /
|c Hoàng Thị Minh Sơn.
|
| 653 |
# |
# |
|a Bộ luật tố tụng hình sự
|
| 653 |
# |
# |
|a Tạm giam
|
| 653 |
# |
# |
|a Vụ án hình sự
|
| 773 |
# |
# |
|t Tạp chí Luật học
|g Số 11, 2010, tr. 37-42
|
| 920 |
# |
# |
|a Phòng Tạp chí -- Trung tâm Thông tin - Thư viện Trường Đại học Đà Lạt
|
| 994 |
# |
# |
|a DLU
|
| 900 |
# |
# |
|a True
|
| 911 |
# |
# |
|a Nguyễn Thị Linh Chi
|
| 925 |
# |
# |
|a G
|
| 926 |
# |
# |
|a A
|
| 927 |
# |
# |
|a BB
|
| 980 |
# |
# |
|a Thư viện Trường Đại học Đà Lạt
|